<?xml version="1.0" encoding="UTF-8"?>
<record
    xmlns:xsi="http://www.w3.org/2001/XMLSchema-instance"
    xsi:schemaLocation="http://www.loc.gov/MARC21/slim http://www.loc.gov/standards/marcxml/schema/MARC21slim.xsd"
    xmlns="http://www.loc.gov/MARC21/slim">

  <leader>01514nam a2200229Ia 4500</leader>
  <controlfield tag="003">OSt</controlfield>
  <controlfield tag="005">20241218121959.0</controlfield>
  <controlfield tag="008">200812s9999    xx            000 0 und d</controlfield>
  <datafield tag="020" ind1=" " ind2=" ">
    <subfield code="a">9789889931872</subfield>
  </datafield>
  <datafield tag="040" ind1=" " ind2=" ">
    <subfield code="c">0</subfield>
  </datafield>
  <datafield tag="041" ind1=" " ind2=" ">
    <subfield code="a">chi</subfield>
  </datafield>
  <datafield tag="050" ind1=" " ind2=" ">
    <subfield code="a">BR1285</subfield>
    <subfield code="b">.Y83 2008</subfield>
  </datafield>
  <datafield tag="100" ind1=" " ind2=" ">
    <subfield code="a">&#x4F59;&#x6770;</subfield>
  </datafield>
  <datafield tag="245" ind1=" " ind2=" ">
    <subfield code="a">&#x767D;&#x665D;&#x5C07;&#x8FD1;:</subfield>
    <subfield code="b">&#x57FA;&#x7763;&#x4FE1;&#x4EF0;&#x5728;&#x4E2D;&#x570B; /</subfield>
    <subfield code="c">&#x4F59;&#x6770;</subfield>
  </datafield>
  <datafield tag="246" ind1=" " ind2=" ">
    <subfield code="a">&#x767D;&#x663C;&#x5C06;&#x8FD1; :</subfield>
    <subfield code="b">&#x57FA;&#x7763;&#x4FE1;&#x4EF0;&#x5728;&#x4E2D;&#x56FD;</subfield>
  </datafield>
  <datafield tag="260" ind1=" " ind2=" ">
    <subfield code="a">&#x9999;&#x6E2F;:</subfield>
    <subfield code="b">&#x6668;&#x9418;&#x66F8;&#x5C40;</subfield>
    <subfield code="c">2008</subfield>
  </datafield>
  <datafield tag="300" ind1=" " ind2=" ">
    <subfield code="a">xxi, 333 p.</subfield>
    <subfield code="b">;</subfield>
    <subfield code="c">23 cm.</subfield>
  </datafield>
  <datafield tag="505" ind1=" " ind2=" ">
    <subfield code="a">&#x9752;&#x5E74;&#x4F5C;&#x5BB6;&#x4F59;&#x6770;&#x7684;&#x4E00;&#x90E8;&#x6587;&#x96C6;&#x300A;&#x767D;&#x665D;&#x5C07;&#x8FD1;&#xFF1A;&#x57FA;&#x7763;&#x4FE1;&#x4EF0;&#x5728;&#x4E2D;&#x570B;&#x300B;&#x3002;&#x9019;&#x662F;&#x4F5C;&#x8005;&#x81EA;2003&#x5E74;&#x53D7;&#x6D17;&#x6210;&#x70BA;&#x57FA;&#x7763;&#x5F92;&#x4EE5;&#x4F86;&#x5B8C;&#x6210;&#x7684;&#x7B2C;&#x4E00;&#x90E8;&#x4EE5;&#x57FA;&#x7763;&#x6559;&#x4FE1;&#x4EF0;&#x70BA;&#x4E2D;&#x5FC3;&#x7684;&#x8457;&#x4F5C;&#x3002;&#x5168;&#x66F8;&#x5206;&#x4E0A;&#x3001;&#x4E2D;&#x3001;&#x4E0B;&#x4E09;&#x5377;&#x3002;&#x4F5C;&#x8005;&#x654D;&#x8FF0;&#x4E86;&#x8FD1;&#x4EE3;&#x57FA;&#x7763;&#x6559;&#x5728;&#x4E2D;&#x570B;&#x50B3;&#x64AD;&#x7684;&#x6B77;&#x53F2;&#xFF0C;&#x5206;&#x6790;&#x4E86;&#x7576;&#x4ECA;&#x4E2D;&#x570B;&#x6559;&#x6703;&#x7684;&#x73FE;&#x72C0;&#x4EE5;&#x53CA;&#x57FA;&#x7763;&#x5F92;&#x5011;&#x6539;&#x9020;&#x6587;&#x5316;&#x7684;&#x52AA;&#x529B;&#x3002;

&#x4F59;&#x6770;&#x88AB;&#x8B80;&#x8005;&#x770B;&#x4F5C;&#x4E2D;&#x570B;&#x4EBA;&#x9678;&#x6700;&#x6562;&#x65BC;&#x8AAA;&#x771F;&#x8A71;&#x7684;&#x4F5C;&#x5BB6;&#x4E4B;&#x4E00;&#xFF0C;&#x4EE5;&#x53CA;&#x6700;&#x95DC;&#x6CE8;&#x8A00;&#x8AD6;&#x81EA;&#x7531;&#x3001;&#x516C;&#x6C11;&#x6B0A;&#x76CA;&#x548C;&#x5B97;&#x6559;&#x4FE1;&#x4EF0;&#x81EA;&#x7531;&#x7684;&#x516C;&#x5171;&#x77E5;&#x8B58;&#x4EFD;&#x5B50;&#x4E4B;&#x4E00;&#x3002;&#x4F59;&#x6770;&#x5728;&#x6587;&#x5B78;&#x5275;&#x4F5C;&#x3001;&#x653F;&#x6CBB;&#x8A55;&#x8AD6;&#x548C;&#x4EBA;&#x6587;&#x5B78;&#x8853;&#x7814;&#x7A76;&#x65B9;&#x9762;&#x90FD;&#x6709;&#x7E8D;&#x7E8D;&#x78A9;&#x679C;&#x3002;&#x8FC4;&#x4ECA;&#x70BA;&#x6B62;&#xFF0C;&#x5DF2;&#x51FA;&#x7248;&#x4F5C;&#x54C1;&#x8FD1;&#x4E8C;&#x5341;&#x90E8;&#x3001;&#x767C;&#x8868;&#x5B78;&#x8853;&#x8AD6;&#x6587;&#x6578;&#x5341;&#x7BC7;&#x3002;&#x8FD1;&#x5E74;&#x4F86;&#xFF0C;&#x4F59;&#x6770;&#x5BEB;&#x4F5C;&#x7684;&#x4E3B;&#x984C;&#x4E3B;&#x8981;&#x96C6;&#x4E2D;&#x65BC;&#x8FD1;&#x4EE3;&#x601D;&#x60F3;&#x53F2;&#x548C;&#x5B78;&#x8853;&#x53F2;&#x3001;&#x57FA;&#x7763;&#x4FE1;&#x4EF0;&#x8207;&#x6587;&#x5316;&#x4F7F;&#x547D;&#x3001;&#x77E5;&#x8B58;&#x4EFD;&#x5B50;&#x7684;&#x7CBE;&#x795E;&#x8B8A;&#x9077;&#x3001;&#x73FE;&#x884C;&#x6559;&#x80B2;&#x5236;&#x5EA6;&#x7684;&#x5F0A;&#x7AEF;&#x3001;&#x7F8E;&#x570B;&#x7684;&#x61B2;&#x653F;&#x5236;&#x5EA6;&#x3001;&#x4FC4;&#x7F85;&#x65AF;&#x7684;&#x6587;&#x5B78;&#x50B3;&#x7D71;&#x4EE5;&#x53CA;&#x4E2D;&#x65E5;&#x95DC;&#x4FC2;&#x7B49;&#x65B9;&#x9762;&#x3002;</subfield>
  </datafield>
  <datafield tag="650" ind1=" " ind2=" ">
    <subfield code="a">Christian life.</subfield>
  </datafield>
  <datafield tag="650" ind1=" " ind2=" ">
    <subfield code="a">Christianity -- China.</subfield>
  </datafield>
  <datafield tag="942" ind1=" " ind2=" ">
    <subfield code="2">ddc</subfield>
    <subfield code="c">CB</subfield>
  </datafield>
  <datafield tag="952" ind1=" " ind2=" ">
    <subfield code="0">0</subfield>
    <subfield code="1">0</subfield>
    <subfield code="4">0</subfield>
    <subfield code="7">0</subfield>
    <subfield code="a">GETS</subfield>
    <subfield code="b">GETS</subfield>
    <subfield code="c">GEN</subfield>
    <subfield code="d">2020-08-12</subfield>
    <subfield code="l">1</subfield>
    <subfield code="m">1</subfield>
    <subfield code="o">BR1285 .Y83 2008</subfield>
    <subfield code="p">00001610</subfield>
    <subfield code="r">2022-04-05 00:00:00</subfield>
    <subfield code="s">2022-03-04</subfield>
    <subfield code="w">2020-08-12</subfield>
    <subfield code="y">CB</subfield>
  </datafield>
  <datafield tag="999" ind1=" " ind2=" ">
    <subfield code="c">2731</subfield>
    <subfield code="d">2731</subfield>
  </datafield>
</record>
